00346nam a2200121Ia 4500003000400000008004100004020002600045040000800071100003100079245006000110260004400170300001000214LDD181101s9999 xx 000 0 und d a9789380182742c160.00 cLDD aChughati, Mirza Azeem Baig 0aShareer biwi(humerous novel)cMirza Azeem Baig Chughati aNew DelhibTakhleeqkar Publishersc2013 a176p.